[Event "Sueca op 5th"]
[Site "Sueca"]
[Date "2019.07.26"]
[Round "6"]
[White "Salvador Lopez, Daniel"]
[Black "Del Arco Gimeno, Juan"]
[Result "1-0"]
[WhiteElo "2149"]
[BlackElo "1775"]
[PlyCount "27"]
[EventDate "2019.07.22"]
[EventType "swiss"]
[EventRounds "9"]
[EventCountry "ESP"]
[SourceTitle "EXT 2020"]
[Source "ChessBase"]
[SourceDate "2019.10.17"]
[SourceVersion "1"]
[SourceVersionDate "2019.10.17"]
[SourceQuality "1"]

1. d4 Nf6 2. Bg5 e6 3. e4 Be7 4. e5 Nd5 5. Bxe7 Nxe7 6. f4 d6 7. Nf3 d5 8. Bd3 c5 9. Nc3 cxd4 10. Nb5 0-0 11. Bxh7+ Kxh7 12. Ng5+ Kh6 13. Qg4 Qa5+ 14. b4 1-0

[Event "Sueca op 1st"]
[Site "Sueca"]
[Date "2015.07.31"]
[Round "5"]
[White "Sanmateu Juan, Sergio"]
[Black "Del Arco Gimeno, Juan"]
[Result "1/2-1/2"]
[WhiteElo "1629"]
[BlackElo "1894"]
[PlyCount "74"]
[EventDate "2015.07.27"]
[EventType "swiss"]
[EventRounds "8"]
[EventCountry "ESP"]
[SourceTitle "EXT 2016"]
[Source "ChessBase"]
[SourceDate "2015.10.08"]
[SourceVersion "1"]
[SourceVersionDate "2015.10.08"]
[SourceQuality "1"]

1. e4 d6 2. Nc3 c5 3. g3 g6 4. Bg2 Bg7 5. d3 a6 6. f4 e6 7. Nf3 Nc6 8. 0-0 Nd4 9. h3 Ne7 10. g4 Nxf3+ 11. Qxf3 Nc6 12. Ne2 0-0 13. f5 Nd4 14. Nxd4 Bxd4+ 15. Kh1 exf5 16. exf5 Kg7 17. Qf4 Qf6 18. Qh6+ Kg8 19. g5 Qg7 20. Qxg7+ Kxg7 21. f6+ Kg8 22. c3 Be5 23. Bf4 Bf5 24. Bxe5 dxe5 25. Rfe1 Rad8 26. Re3 b6 27. Rae1 Bxd3 28. Rxe5 Bf5 29. Kh2 Rd2 30. R1e2 Rd6 31. Bd5 h6 32. h4 hxg5 33. hxg5 Bd3 34. R2e3 Bb5 35. c4 Bc6 36. Bxc6 Rxc6 37. Rd5 b5 1/2-1/2

[Event "Provincial-ch Gandia Preferente"]
[Site "Valencia Gandia"]
[Date "2010.10.23"]
[Round "3.4"]
[White "Company Sancho, Miguel"]
[Black "Del Arco Gimeno, Juan"]
[Result "0-1"]
[WhiteElo "1960"]
[BlackElo "1975"]
[PlyCount "141"]
[EventDate "2010.10.02"]
[EventType "swiss"]
[EventRounds "7"]
[EventCountry "ESP"]
[SourceTitle "EXT 2024"]
[Source "ChessBase"]
[SourceDate "2023.10.10"]
[SourceVersion "1"]
[SourceVersionDate "2023.10.10"]
[SourceQuality "1"]

1. d4 c5 2. e3 Nf6 3. Nf3 cxd4 4. exd4 g6 5. Bd3 Bg7 6. 0-0 0-0 7. c3 d6 8. h3 b6 9. Bf4 Bb7 10. Qe2 Nbd7 11. Nbd2 a6 12. Rfe1 Re8 13. a4 Qc7 14. Ne4 Nxe4 15. Bxe4 Bxe4 16. Qxe4 Nf6 17. Qd3 Qc6 18. Nd2 e6 19. Ne4 Nxe4 20. Qxe4 d5 21. Qd3 b5 22. axb5 axb5 23. Bd2 Rec8 24. Rec1 Qb6 25. Be3 b4 26. Rxa8 Rxa8 27. cxb4 Qxb4 28. Qc3 Qb7 29. Qc6 Qxc6 30. Rxc6 h5 31. Kf1 Ra4 32. Rc8+ Kh7 33. Rc7 f6 34. f4 Rb4 35. Rc2 e5 36. fxe5 fxe5 37. dxe5 Bxe5 38. Bc1 d4 39. Rc5 Bg3 40. Ke2 Bh2 41. Rd5 Bg1 42. Rd7+ Kg8 43. g4 hxg4 44. hxg4 Rb3 45. g5 Rh3 46. Bf4 Be3 47. Be5 Kf8 48. Bxd4 Bxg5 49. b4 Rh2+ 50. Kd3 Ke8 51. Rg7 Rd2+ 52. Kc3 Rxd4 53. Rxg6 Rg4 54. Re6+ Kd8 55. Re5 Rg1 56. Rc5 Kd7 57. Rc4 Bf6+ 58. Kb3 Rg3+ 59. Ka4 Be7 60. Kb5 Ra3 61. Kb6 Bd6 62. Rh4 Rb3 63. Kb5 Rb1 64. Rh7+ Be7 65. Ka5 Kd6 66. Rh6+ Kc7 67. Rh7 Kc6 68. Rh6+ Bd6 69. b5+ Rxb5+ 70. Ka6 Rb3 71. Rh5 0-1

[Event "La Pobla de Vallbona op"]
[Site "La Pobla de Vallbona"]
[Date "2004.10.??"]
[Round "7"]
[White "Del Arco Gimeno, Juan"]
[Black "Gomez Enguita, Francisco"]
[Result "1-0"]
[WhiteElo "2097"]
[BlackElo "1997"]
[PlyCount "34"]
[EventDate "2004.10.??"]
[EventType "swiss"]
[EventRounds "8"]
[EventCountry "ESP"]
[SourceTitle "EXT 2006"]
[Source "ChessBase"]
[SourceDate "2005.11.24"]
[SourceVersion "1"]
[SourceVersionDate "2005.11.24"]
[SourceQuality "1"]

1. e4 c5 2. Nf3 e6 3. d4 cxd4 4. Nxd4 Nf6 5. Bd3 Nc6 6. Nxc6 dxc6 7. 0-0 e5 8. h3 Bc5 9. Nd2 Be6 10. Qe2 Qc7 11. Nb3 Bb6 12. Bd2 h6 13. Rfe1 g6 14. Bc4 Bxc4 15. Qxc4 0-0-0 16. a4 a5 17. Be3 Bxe3 1-0

[Event "La Pobla de Vallbona op"]
[Site "La Pobla de Vallbona"]
[Date "2004.10.??"]
[Round "6"]
[White "Sanchez Moreno, Luis"]
[Black "Del Arco Gimeno, Juan"]
[Result "1-0"]
[WhiteElo "2172"]
[BlackElo "2097"]
[PlyCount "44"]
[EventDate "2004.10.??"]
[EventType "swiss"]
[EventRounds "8"]
[EventCountry "ESP"]
[SourceTitle "EXT 2006"]
[Source "ChessBase"]
[SourceDate "2005.11.24"]
[SourceVersion "1"]
[SourceVersionDate "2005.11.24"]
[SourceQuality "1"]

1. e4 d6 2. d4 c5 3. dxc5 Qa5+ 4. Nc3 Qxc5 5. Be3 Qa5 6. Qd5 Qd8 7. 0-0-0 Nf6 8. Qd2 Nc6 9. f3 g6 10. g4 e6 11. Nge2 a6 12. Bf4 e5 13. Bg5 Be6 14. Nd5 Bxd5 15. exd5 Nb8 16. Ng3 Nbd7 17. h4 Qc7 18. h5 0-0-0 19. Ne4 Be7 20. Be3 Nxe4 21. fxe4 Kb8 22. Bd3 f6 1-0

[Event "Cullera op-A 25th"]
[Site "Cullera"]
[Date "2004.07.27"]
[Round "7"]
[White "Garcia Gata, Jorge David"]
[Black "Del Arco Gimeno, Juan"]
[Result "1-0"]
[WhiteElo "2064"]
[BlackElo "2107"]
[PlyCount "67"]
[EventDate "2004.07.??"]
[EventType "swiss"]
[EventRounds "9"]
[EventCountry "ESP"]
[SourceTitle "CBM 101 Extra"]
[Source "ChessBase"]
[SourceDate "2004.09.01"]
[SourceVersion "2"]
[SourceVersionDate "2004.09.01"]
[SourceQuality "1"]

1. d4 Nf6 2. c4 c5 3. d5 g6 4. Nc3 Bg7 5. e4 d6 6. Be2 a6 7. Nf3 Qc7 8. 0-0 0-0 9. h3 b6 10. Bf4 Nbd7 11. Re1 Bb7 12. Bf1 Ne8 13. Qe2 Ne5 14. Nxe5 dxe5 15. Be3 Rd8 16. b4 Nd6 17. bxc5 bxc5 18. Rab1 Rb8 19. f3 Ba8 20. Na4 Rxb1 21. Rxb1 Nb7 22. Rb6 f5 23. Rxa6 fxe4 24. fxe4 Nd6 25. Nxc5 Bb7 26. Ra7 Ra8 27. Rxa8+ Bxa8 28. Qg4 Qb6 29. Bf2 Qb1 30. Qe6+ Kf8 31. Nd7+ Ke8 32. Bh4 Nc8 33. Nxe5 Bxe5 34. Qxc8+ 1-0

[Event "Valencia Autonomico Center"]
[Site "Valencia"]
[Date "2004.02.07"]
[Round "4"]
[White "Grau Dominguez, Enric"]
[Black "Del Arco Gimeno, Juan"]
[Result "1-0"]
[WhiteElo "2166"]
[BlackElo "2123"]
[PlyCount "73"]
[EventDate "2004.01.17"]
[EventType "team-tourn"]
[EventRounds "4"]
[EventCountry "ESP"]
[SourceTitle "CBM 098 Extra"]
[Source "ChessBase"]
[SourceDate "2004.03.10"]
[SourceVersion "2"]
[SourceVersionDate "2004.03.10"]
[SourceQuality "1"]

1. d4 Nf6 2. c4 g6 3. Nc3 Bg7 4. e4 d6 5. f3 Nbd7 6. Be3 a6 7. Qd2 c6 8. a4 Qa5 9. Rb1 Qb4 10. Bd3 0-0 11. Nge2 c5 12. 0-0 Re8 13. g4 e6 14. Qc2 Qa5 15. d5 exd5 16. cxd5 Ne5 17. b3 Rb8 18. Bd2 Qc7 19. g5 Nh5 20. f4 Nxd3 21. Qxd3 f5 22. gxf6 Bxf6 23. f5 g5 24. Qh3 Qf7 25. Qg4 Kh8 26. Rf3 Rg8 27. Kh1 Be5 28. Qg2 g4 29. Rd3 Qf6 30. Ng3 Nxg3+ 31. Rxg3 h5 32. Ne2 h4 33. Rxg4 Bd7 34. Bg5 Rxg5 35. Rxg5 Qh6 36. Rg6 Qe3 37. Qg4 1-0

[Event "Cullera op U2300 24th"]
[Site "Cullera"]
[Date "2003.07.20"]
[Round "4"]
[White "Garcia Amoros, Pablo"]
[Black "Del Arco Gimeno, Juan"]
[Result "1-0"]
[WhiteElo "2184"]
[BlackElo "2135"]
[PlyCount "49"]
[EventDate "2003.07.17"]
[EventType "swiss"]
[EventRounds "9"]
[EventCountry "ESP"]
[SourceTitle "CBM 095 Extra"]
[Source "ChessBase"]
[SourceDate "2003.09.04"]
[SourceVersion "1"]
[SourceVersionDate "2003.09.04"]
[SourceQuality "1"]

1. e4 d6 2. d4 Nf6 3. Nc3 g6 4. f4 Bg7 5. Nf3 c6 6. Bd3 0-0 7. 0-0 b5 8. e5 dxe5 9. fxe5 Nd5 10. Nxd5 Qxd5 11. Qe1 a6 12. Qh4 f6 13. Bh6 Ra7 14. Bxg7 Kxg7 15. b3 Be6 16. Rae1 Qd7 17. Qf4 Qc8 18. Qe3 Bd5 19. c4 Bxf3 20. Rxf3 Rd7 21. Rh3 h5 22. e6 Rd6 23. Bxg6 Kxg6 24. Qg3+ Kh6 25. Qf4+ 1-0

[Event "Cullera op 23rd"]
[Site "Valencia"]
[Date "2002.07.19"]
[Round "2"]
[White "Del Arco Gimeno, Juan"]
[Black "Llobel Cortell, Enrique"]
[Result "0-1"]
[WhiteElo "2115"]
[BlackElo "2377"]
[PlyCount "54"]
[EventDate "2002.07.18"]
[EventType "swiss"]
[EventRounds "9"]
[EventCountry "ESP"]
[SourceTitle "CBM 089 Extra"]
[Source "ChessBase"]
[SourceDate "2002.09.10"]
[SourceVersion "2"]
[SourceVersionDate "2002.09.10"]
[SourceQuality "1"]

1. e4 d5 2. exd5 Nf6 3. Nc3 Nxd5 4. Bc4 e6 5. Qf3 Nb6 6. Bb3 a5 7. a4 Na6 8. Nge2 Nc5 9. Ne4 Nxb3 10. Qxb3 Bd7 11. 0-0 Bc6 12. N2c3 Bb4 13. Re1 0-0 14. d3 Re8 15. Re2 Qd7 16. h3 Nd5 17. Bd2 b6 18. Be3 Rad8 19. Bg5 f6 20. Be3 Kh8 21. Kf1 e5 22. Ng3 Qc8 23. f3 Qd7 24. Ree1 Nxe3+ 25. Rxe3 Bc5 26. Ree1 Qd4 27. Nce4 Qg1+ 0-1

[Event "Cullera op 21st"]
[Site "Cullera"]
[Date "2001.07.25"]
[Round "7"]
[White "Del Arco Gimeno, Juan"]
[Black "Castillo Martinez, Alberto"]
[Result "0-1"]
[WhiteElo "2151"]
[BlackElo "2107"]
[PlyCount "76"]
[EventDate "2001.07.19"]
[EventType "swiss"]
[EventRounds "9"]
[EventCountry "ESP"]
[SourceTitle "EXT 2002"]
[Source "ChessBase"]
[SourceDate "2001.11.25"]
[SourceVersion "1"]
[SourceVersionDate "2001.11.25"]
[SourceQuality "1"]

1. e4 e6 2. d4 d5 3. exd5 exd5 4. Bd3 Nc6 5. Nf3 Bd6 6. c3 Bg4 7. 0-0 Nge7 8. b4 0-0 9. Bxh7+ Kh8 10. Bd3 Ng6 11. Be3 Qf6 12. Nbd2 Nf4 13. Bxf4 Qxf4 14. g3 Qh6 15. Re1 f6 16. Qc2 Ne7 17. Re3 g6 18. Nh4 f5 19. Rae1 Rf7 20. Re6 Rg8 21. Nf1 Bh5 22. Ne3 Qg5 23. Neg2 f4 24. Qc1 Bg4 25. gxf4 Bxf4 26. Qc2 Bxe6 27. Rxe6 Nf5 28. Nf3 Qh5 29. Qe2 Bd6 30. Re8 Rxe8 31. Qxe8+ Kg7 32. Ne5 Re7 33. Qc8 c6 34. f3 Bxe5 35. dxe5 Qxf3 36. Bxf5 Qxf5 37. Qd8 Qxe5 38. h3 Qc7 0-1

[Event "Murcia op"]
[Site "Murcia"]
[Date "1997.??.??"]
[Round "1"]
[White "Rojo Gomez, Jorge"]
[Black "Del Arco Gimeno, Juan"]
[Result "1-0"]
[WhiteElo "2305"]
[BlackElo "2180"]
[PlyCount "81"]
[EventDate "1997.??.??"]
[EventType "swiss"]
[EventRounds "9"]
[EventCountry "ESP"]
[SourceTitle "EXT 2000"]
[Source "ChessBase"]
[SourceDate "1999.11.16"]
[SourceVersion "1"]
[SourceVersionDate "1999.11.16"]
[SourceQuality "1"]

1. e4 e5 2. Bc4 Nf6 3. d3 Nc6 4. Nf3 Bc5 5. 0-0 d6 6. c3 Bg4 7. a4 a6 8. Bg5 h6 9. Bh4 0-0 10. Nbd2 Qe7 11. Re1 g5 12. Bg3 Nh5 13. Nf1 Qf6 14. Ne3 Bxf3 15. Qxf3 Qxf3 16. gxf3 Ne7 17. Red1 Bxe3 18. fxe3 Nxg3 19. hxg3 Kg7 20. g4 h5 21. gxh5 Rh8 22. Kg2 Rxh5 23. Rh1 Rah8 24. Rxh5 Rxh5 25. Ra3 a5 26. b4 Nc6 27. Rb3 Rh8 28. Bd5 Ra8 29. b5 Nd8 30. Kg3 Rb8 31. Kg4 f6 32. f4 exf4 33. exf4 Nf7 34. Rb1 gxf4 35. Kxf4 Ng5 36. Rh1 b6 37. Kf5 Re8 38. d4 Rd8 39. Bc6 Rf8 40. e5 dxe5 41. dxe5 1-0